Geography Quiz

Random Geography or World Quiz

World Capitals by Length Quiz Stats

 Plays Quiz Updated Sep 22, 2015

Challenge
Share
Tweet
Embed
Score 0/13 Timer 03:00
12 Plays Today
# of Letters Capital City % Correct
6Athens, Berlin, Dublin, Madrid, ...
98.3%
5Cairo, Hanoi, Paris, Seoul, Tokyo, ...
96.2%
10Copenhagen, Mexico City, Wellington, ...
95.8%
4Bern, Lima, Oslo, Riga, Rome, ...
95.8%
8Belgrade, Canberra, Helsinki, ...
91.6%
9Amsterdam, Jerusalem, Stockholm, ...
83.5%
7Algiers, Bangkok, Beijing, Jakarta, ...
81.9%
11Buenos Aires, Vatican City, ...
76.4%
12Port-au-Prince, Santo Domingo, ...
41.1%
13Guatemala City
34.9%
17Bandar Seri Begawan
27%
23Sri Jayawardenepura Kotte
25.6%
14Andorra la Vella
24.7%

You're not logged in!

Compare scores with friends on all Sporcle quizzes.
OR
Log In

You Might Also Like...

Show Comments

Extras

Top Quizzes Today


Score Distribution

Your Account Isn't Verified!

In order to create a playlist on Sporcle, you need to verify the email address you used during registration. Go to your Sporcle Settings to finish the process.

Report this User

Report this user for behavior that violates our Community Guidelines.

Details: